000 00301nam a22001337a 4500
008 170803b xxu||||| |||| 00| 0 eng d
020 _a9780314481320
041 _aeng
080 _a004
100 _a32
101 _aSHK
245 _aINTRODUCTION TO COMPUTER SCIENCE
_cNAPS,TH.L
942 _2udc
_cBK
999 _c22655
_d22655